书目信息 |
| 题名: |
安全生产监察实务
|
|
| 作者: | 姜威 , 刘军鄂 著 | |
| 分册: | ||
| 出版信息: | 北京 化学工业出版社 2016 |
|
| 页数: | 239页 | |
| 开本: | 24cm | |
| 丛书名: | ||
| 单 册: | ||
| 中图分类: | X931 | |
| 科图分类: | ||
| 主题词: | 安全生产--监管制度 | |
| 电子资源: | ||
| ISBN: | 978-7-122-25465-8 | |
| 000 | 00880nam0 2200253 450 | |
| 001 | 3321 | |
| 005 | 20160926093340.17 | |
| 010 | @a978-7-122-25465-8@b平装@dCNY68.00 | |
| 100 | @a20160318d2016 em y0chiy50 ea | |
| 101 | 0 | @achi |
| 102 | @aCN@b110000 | |
| 105 | @ay z 000yy | |
| 200 | 1 | @a安全生产监察实务@9an quan sheng chan jian cha shi wu@f姜威,刘军鄂著 |
| 205 | @a2版 | |
| 210 | @a北京@c化学工业出版社@d2016 | |
| 215 | @a239页@d24cm | |
| 304 | @a湖北省安全生产宣传教育中心组织编写 | |
| 330 | @a本书在系统总结多年安全生产行政执法经验与教训的基础上,介绍并阐述了安全生产依法行政、科学监察的全部内容,为安全生产监督管理机构及其执法人员严格监察、高效办案提供了指南。 | |
| 606 | 0 | @a安全生产@x监管制度 |
| 690 | @aX931@v5 | |
| 701 | 0 | @a姜威@9jiang wei@4著 |
| 701 | 0 | @a刘军鄂@9liu jun e@4著 |
| 801 | 0 | @aCN@b唐山师范学院图书馆@c20151001 |
| 905 | @aZUCC@dX931@e27=2 | |
| 安全生产监察实务/姜威,刘军鄂著.-2版.-北京:化学工业出版社,2016 |
| 239页;24cm |
| ISBN 978-7-122-25465-8(平装):CNY68.00 |
| 本书在系统总结多年安全生产行政执法经验与教训的基础上,介绍并阐述了安全生产依法行政、科学监察的全部内容,为安全生产监督管理机构及其执法人员严格监察、高效办案提供了指南。 |
| ● |
| 相关链接 |
|
|
|
|
正题名:安全生产监察实务
索取号:X931/27=2
 
预约/预借
| 序号 | 登录号 | 条形码 | 馆藏地/架位号 | 状态 | 备注 |
| 1 | 904457 | 209044577 | 第二样本阅览室/ [索取号:X931/27=2] | 在馆 | |
| 2 | 904458 | 209044586 | 第三借阅区/ [索取号:X931/27=2] | 在馆 | |
| 3 | 904459 | 209044595 | 第三借阅区/ [索取号:X931/27=2] | 在馆 | |
| 4 | 904460 | 209044602 | 第三借阅区/ [索取号:X931/27=2] | 在馆 | |
| 5 | 904461 | 209044611 | 第三借阅区/ [索取号:X931/27=2] | 在馆 |